AJ Lee's WrestleMania Opponents - Statistics

General Stats
  • This quiz has been taken 19 times
  • The average score is 11 of 15
Answer Stats
WrestleMania Opponent % Correct
WrestleMania XXX Brie Bella
100%
WrestleMania 31 Brie Bella
100%
WrestleMania XXX Nikki Bella
100%
WrestleMania 31 Nikki Bella
100%
WrestleMania XXX Eva Marie
73%
WrestleMania XXX Naomi
73%
WrestleMania XXX Cameron
67%
WrestleMania XXX Layla
67%
WrestleMania XXX Natalya
67%
WrestleMania XXX Tamina Snuka
67%
WrestleMania XXX Alicia Fox
53%
WrestleMania XXX Rosa Mendes
53%
WrestleMania XXX Summer Rae
53%
WrestleMania XXX Emma
47%
WrestleMania XXX Aksana
40%
No matching quizzes found
Score Distribution
Percent of People with Each Score
Percentile by Number Answered
Your Score History
You have not taken this quiz